000 00624nam a2200205 a 4500
001 000033048
003 OSt
005 20250307073710.0
008 110808s1945 ag 000 0 spa d
040 _aDO-SdBNP
_bspa
_cBNPHU
082 4 _a461.61
_bH519e
100 1 _aHenríquez Ureña, Pedro,
_d1884-1946
_91718
245 1 3 _aEl endecasílabo castellano.
260 _aBuenos Aires, Argentina :
_bAcademia Argentina de Letras,
_c1945.
300 _a164 p. ;
_c25 cm.
590 _aInventariado, 2019 / DG
650 4 _aEspañol
_xVersificación
_921815
910 _aValidado. Control de calidad MFF
942 _2ddc
_cLF1
999 _c32539
_d32539